[Event "DS IM"]
[Site "Brno CZE"]
[Date "2006.07.04"]
[Round "6"]
[White "Toma,K"]
[Black "Vyskocil,N"]
[Result "0-1"]
[WhiteElo "2238"]
[BlackElo "2307"]

1.e4 c5 2.Nf3 e6 3.d4 cxd4 4.Nxd4 a6 5.Bd3 Nf6 6.Nc3 Qc7 7.O-O Nc6 8.Be3 b5
9.a3 Bb7 10.Qe2 Bd6 11.f4 Nxd4 12.Bxd4 Bc5 13.Bxc5 Qxc5+ 14.Kh1 d5 15.e5 Nd7
16.Qg4 g6 17.Ne2 Nb6 18.Qh4 Nc4 19.b4 Qb6 20.Bxc4 dxc4 21.Qf6 Rf8 22.Rad1 Rd8
23.Nc3 Qc7 24.h4 Rd7 25.Rxd7 Kxd7 26.Qg7 Qc8 27.Rd1+ Kc7 28.Qf6 Kb8 29.Rd6 Qc7
30.a4 Bc6 31.axb5 axb5 32.Rxe6 fxe6 33.Qxf8+ Kb7 34.Ne2 Qd7 35.Qd6 Qxd6 36.exd6 Kc8
37.Nd4 Kd7 38.c3 Kxd6 39.Kg1 Bd7 40.Kf2 e5 41.fxe5+ Kxe5 42.Ke3 h6 43.Kf3 g5
44.hxg5 hxg5 45.Ke3 Be8 46.g3 Bd7 47.Kf3 Be8 48.Ke3 Bd7 49.Kf3 Be8 50.Ke3 Bd7
51.Nf3+ Kf5 52.Kd4 Bc6 53.Ne5 Be4 54.Nf7 Bc6 55.Nh6+ Kg6 56.Ng8 Bf3 57.Ke5 Bd1
58.Nf6 Bf3 59.Ng8 Kh5 60.Kf5 Bg4+ 61.Ke4 Bd1 62.Kf5 Bc2+ 63.Kf6 Kg4 64.Ne7 Kxg3
65.Kxg5 Kf3 66.Kf6 Be4 67.Ke5 Ke3 68.Nc8 Bb7 69.Nd6 Bc6 70.Nxc4+ bxc4 71.Kd6 Ba4
72.Kc5 Kd3 73.b5 Bxb5  0-1

[Event "Open"]
[Site "Kavala GRE"]
[Date "2006.07.04"]
[Round "1"]
[White "Stiri,A"]
[Black "Romanishin,O"]
[Result "0-1"]
[WhiteElo "2186"]
[BlackElo "2555"]

1.e4 c5 2.Nf3 e6 3.d4 cxd4 4.Nxd4 a6 5.Bd3 Nf6 6.O-O e5 7.Ne2 d6 8.c4 Be7
9.Nbc3 Nc6 10.Nd5 O-O 11.f4 exf4 12.Bxf4 Ne5 13.Nxe7+ Qxe7 14.Nc3 Bg4 15.Qd2 Nfd7
16.Be2 Bxe2 17.Qxe2 Rac8 18.b3 Qe6 19.Qd2 Nc5 20.Qd5 Qxd5 21.exd5 f5 22.Rae1 Ncd3
23.Bxe5 Nxe5 24.Ne2 Nd3 25.Rd1 Nc5 26.Nd4 g6 27.Ne6 Nxe6 28.dxe6 Rc6 29.Rd5 Re8
30.Re1 Kg7 31.c5 Rxc5 32.Rxd6 Re7 33.Rd7 Kf6 34.Red1 Kxe6 35.R1d6+ Kf7 36.Rxe7+ Kxe7
37.Rb6 Rb5 38.Rxb5 axb5 39.Kf2 Kd6 40.Ke3 Ke5 41.Kd3 g5  0-1

[Event "56th ch-RUS w Top League"]
[Site "Orel RUS"]
[Date "2006.07.04"]
[Round "6"]
[White "Fatalibekova,E"]
[Black "Korchenkova,I"]
[Result "1-0"]
[WhiteElo "2277"]
[BlackElo "2013"]

1.e4 c5 2.Nf3 e6 3.d4 cxd4 4.Nxd4 a6 5.Bd3 Qc7 6.O-O Nf6 7.Kh1 Nc6 8.Nxc6 dxc6
9.f4 e5 10.f5 Be7 11.Nc3 b5 12.Qf3 O-O 13.a4 Bb7 14.Bg5 Rfe8 15.Nd1 c5 16.Bxf6 Bxf6
17.c4 bxa4 18.Nc3 Bc6 19.Bc2 Reb8 20.Bxa4 Rxb2 21.Bxc6 Qxc6 22.Nd5 Rab8 23.Qa3 Re2
24.Rab1 Rxb1 25.Rxb1 h6 26.Qd3 Ra2 27.h3 Bg5 28.Qg3 Qa4 29.Qxe5 Qxc4 30.Qe8+ Kh7
31.Qxf7 Rb2 32.Nf6+ Bxf6 33.Qxc4 Rxb1+ 34.Kh2 Re1 35.g4 Bd4 36.Qe6 a5 37.h4 Re2+
38.Kg3 Re3+ 39.Kf4 Rh3 40.e5 Rh1 41.Qg6+ Kh8 42.e6  1-0

[Event "FSGM July"]
[Site "Budapest HUN"]
[Date "2006.07.08"]
[Round "8"]
[White "Varadi,V"]
[Black "Fogarasi,T"]
[Result "1-0"]
[WhiteElo "2384"]
[BlackElo "2435"]

1.e4 c5 2.Nf3 e6 3.d4 cxd4 4.Nxd4 a6 5.Bd3 g6 6.c4 Bg7 7.Nb3 Nc6 8.Nc3 d6
9.O-O b6 10.Be3 Nf6 11.Qd2 O-O 12.Rfd1 Ra7 13.f3 Re8 14.Bf1 Bf8 15.Qf2 Nd7
16.Rac1 Ra8 17.Kh1 Rb8 18.a3 Qe7 19.Nd2 Bb7 20.b4 Ba8 21.Nb3 Nce5 22.h3 Rec8
23.Na4 Qd8 24.Rc3 b5 25.cxb5 axb5 26.Rxc8 Qxc8 27.Rc1 Qa6 28.Na5 d5 29.exd5 Bxd5
30.Nc5 Nxc5 31.Bxc5 Bc4 32.Bd4 Bd6 33.Qe3 Nc6 34.Nxc6 Qxc6 35.Bb2 Rc8 36.f4 Be7
37.Qd4 f6 38.a4 Qb7 39.Bxc4 bxc4 40.Rxc4 Rd8 41.Qe4 Rd1+ 42.Kh2 Qd7 43.Rd4 Rxd4
44.Bxd4 Qxa4 45.Qxe6+ Kf8 46.Bxf6 Bxb4 47.Qc4 Qa5 48.Bg5 Bd6 49.Qc8+  1-0

[Event "Open"]
[Site "Kavala GRE"]
[Date "2006.07.08"]
[Round "6"]
[White "Stanojoski,Z"]
[Black "Sandalakis,A"]
[Result "1-0"]
[WhiteElo "2481"]
[BlackElo "2220"]

1.e4 c5 2.Nf3 e6 3.d4 cxd4 4.Nxd4 a6 5.Bd3 Qc7 6.O-O Nf6 7.Nc3 Be7 8.Kh1 d6
9.f4 O-O 10.Qe1 Nbd7 11.Nf3 Nc5 12.e5 Nxd3 13.cxd3 Nd5 14.Ne4 Bd7 15.Bd2 Bb5
16.Rc1 Qd7 17.Qe2 Rfc8 18.exd6 Bxd6 19.Ne5 Qe7 20.Nc4 Bb4 21.Bxb4 Nxb4 22.a3 Nd5
23.f5 exf5 24.Rxf5 Qe6 25.Rcf1 Rc7 26.Re5 Qc6 27.Qf3 Rd8 28.b3 f6 29.Rh5 Qe6
30.Qg3 Rf7 31.Ncd6 Rff8 32.Nf5 Rd7 33.Rxh7 Kxh7 34.Qh3+ Kg6 35.Nh4+  1-0

[Event "Open A"]
[Site "Banska Stiavnica SVK"]
[Date "2006.07.09"]
[Round "2"]
[White "Bauma,J"]
[Black "Priehoda,V"]
[Result "1/2-1/2"]
[WhiteElo "2211"]
[BlackElo "2383"]

1.e4 c5 2.Nf3 e6 3.d4 cxd4 4.Nxd4 a6 5.Bd3 Qb6 6.c3 d6 7.Be3 Qc7 8.Nd2 Nf6
9.O-O Be7 10.f4 Nbd7 11.a4 b6 12.Kh1 Bb7 13.Bc2 g6 14.N4f3 e5 15.fxe5 dxe5
16.Qe2 Ng4 17.Bb3 Nxe3 18.Qxe3 O-O 19.Ng5 Bxg5 20.Qxg5 Nc5 21.Bd5 Bxd5 22.exd5 f5
23.g4 Qd8 24.Qxd8 Raxd8 25.gxf5 Rxf5 26.Rxf5 gxf5 27.Nc4 Rxd5 28.Nxb6 Rd2
29.b4 Nd3 30.b5 axb5 31.a5 Nf2+ 32.Kg2 Ne4+ 33.Kf3 Nc5 34.a6 Nxa6 35.Rxa6 Rxh2
36.Nd5 Rd2 37.Nb4 Kg7 38.Rb6 h5 39.Rxb5 Kf6 40.Rd5 Rh2 41.c4 Rh4 42.Rc5 Rf4+
43.Ke3  1/2-1/2

[Event "ch-SWE"]
[Site "Gothenburg SWE"]
[Date "2006.07.10"]
[Round "9"]
[White "Ernst,T"]
[Black "Agrest,E"]
[Result "0-1"]
[WhiteElo "2456"]
[BlackElo "2569"]

1.e4 c5 2.Nf3 e6 3.d4 cxd4 4.Nxd4 a6 5.Bd3 g6 6.Nc3 Bg7 7.Be3 d6 8.Qd2 Nf6
9.Bh6 Bxh6 10.Qxh6 e5 11.Nf3 Be6 12.Ng5 Qe7 13.Nxe6 fxe6 14.h3 Nc6 15.O-O-O O-O-O
16.f4 exf4 17.Qxf4 Ne5 18.Be2 Rhf8 19.Qe3 Qc7 20.Rhf1 Qc5 21.Qxc5+ dxc5 22.Rxd8+ Kxd8
23.Kd2 Ke7 24.Ke3 Rc8 25.Nd1 Nfd7 26.Nf2 Rc6 27.Ng4 Nf7 28.Nf2 Nde5 29.Ng4 Nxg4+
30.Bxg4 Rc7 31.Be2 Kd6 32.c3 Ke5 33.Bd3 Rd7 34.b3 Rc7 35.a4 Nd6 36.Bc2 Rc8
37.Rf2 b5 38.Rf1 bxa4 39.bxa4 Nc4+ 40.Kd3 Na3 41.Bd1 Rd8+ 42.Ke2 Nb1 43.Rf3 Nd2
44.Rf7 Nxe4  0-1

[Event "Inautomarket Open"]
[Site "Minsk BLR"]
[Date "2006.07.10"]
[Round "1"]
[White "Elkin,L"]
[Black "Shaposhnikov,E"]
[Result "0-1"]
[WhiteElo "2200"]
[BlackElo "2547"]

1.e4 c5 2.Nf3 e6 3.d4 cxd4 4.Nxd4 a6 5.Bd3 Nf6 6.O-O d6 7.Be3 Nbd7 8.c4 g6
9.Nc3 Bg7 10.Qe2 O-O 11.Rac1 Re8 12.Rfd1 b6 13.b4 Bb7 14.Nb3 Rc8 15.a4 Qe7
16.f3 d5 17.c5 dxe4 18.fxe4 bxc5 19.Nxc5 Nxc5 20.Bxc5 Rxc5 21.bxc5 Qxc5+
22.Qf2 Qe5 23.Qf3 Bf8 24.Rf1 Bc5+ 25.Kh1 Bd6 26.g3 Kg7 27.Rb1 Re7 28.Qf4 Rd7
29.Ne2 Ba8 30.Qxe5 Bxe5 31.Bxa6 Nxe4 32.Kg1 Bd6 33.Rfd1 Bc5+ 34.Kf1 Nd2+
35.Ke1 Nf3+ 36.Kf1 Nxh2+ 37.Ke1 Nf3+ 38.Kf1 Ra7 39.Bb5 Nh2+ 40.Ke1 Nf3+ 41.Kf1 Be4
42.Rbc1 Nh2+ 43.Ke1 Nf3+ 44.Kf1 Nh2+ 45.Ke1 Bb4+ 46.Kf2 Ng4+ 47.Kg1 Ba5 48.Bc6 Bb6+
49.Nd4 Ne3 50.Rd2 Nf5  0-1

[Event "Inautomarket Open"]
[Site "Minsk BLR"]
[Date "2006.07.11"]
[Round "2"]
[White "Firman,N"]
[Black "Kutsankov,V"]
[Result "1-0"]
[WhiteElo "2499"]
[BlackElo "2366"]

1.e4 c5 2.Nf3 e6 3.d4 cxd4 4.Nxd4 a6 5.Bd3 Nf6 6.O-O Qc7 7.Qe2 d6 8.c4 g6
9.Nc3 Bg7 10.Bg5 O-O 11.Rad1 Nbd7 12.Nc2 Ne5 13.Ne3 b6 14.f4 Ned7 15.Bb1 Bb7
16.Qd2 Qc5 17.Kh1 Rfd8 18.f5 h6 19.Bh4 exf5 20.exf5 g5 21.Bf2 Ne5 22.b3 Qc7
23.Ned5 Nxd5 24.Nxd5 Bxd5 25.Qxd5 Ng4 26.f6 Nxf6 27.Qf5 Nd7 28.Qxf7+  1-0

[Event "Inautomarket Open"]
[Site "Minsk BLR"]
[Date "2006.07.11"]
[Round "2"]
[White "Kurnosov,I"]
[Black "Vovk,A"]
[Result "1/2-1/2"]
[WhiteElo "2540"]
[BlackElo "2388"]

1.e4 c5 2.Nf3 e6 3.d4 cxd4 4.Nxd4 a6 5.Bd3 Bc5 6.Nb3 Ba7 7.Qe2 Nc6 8.Be3 d6
9.Nc3 Nge7 10.O-O O-O 11.Rad1 b5 12.f4 Bxe3+ 13.Qxe3 Qc7 14.Kh1 Re8 15.Qg3 b4
16.Ne2 e5 17.f5 f6 18.Bc4+ Kh8 19.Qd3 Rd8 20.Ng3 a5 21.Nh5 a4 22.Nd2 Na5
23.Qg3 Ng8 24.Bd5 Bb7 25.c4 bxc3 26.bxc3 Bxd5 27.exd5 Qf7 28.Qg4 Nh6 29.Qf3 Rac8
30.Ng3 Rc5 31.Nde4 Rc4 32.Qe3 Rc7 33.Rb1 Nc4 34.Qd3 Qd7 35.Rb4 Rdc8 36.h3 Ng8
37.Rfb1 Ne7 38.Kh2 Na3 39.R1b2 Nc4 40.Rb1 Na3 41.Rf1 Nc4 42.Nh5 a3 43.Rf3 Qd8
44.g4 Qg8 45.g5 Qxd5 46.gxf6 gxf6 47.Nhxf6 Qxd3 48.Rxd3 Nxf5 49.Rf3 Ne7 50.Rd3  1/2-1/2

[Event "Open A"]
[Site "Banska Stiavnica SVK"]
[Date "2006.07.12"]
[Round "5"]
[White "Manik,M"]
[Black "Devcic,D"]
[Result "1-0"]
[WhiteElo "2460"]
[BlackElo "2287"]

1.e4 c5 2.Nf3 e6 3.d4 cxd4 4.Nxd4 a6 5.Bd3 Nf6 6.O-O d6 7.c4 g6 8.Nc3 Bg7
9.Qe2 O-O 10.Nf3 Nc6 11.Rd1 Qc7 12.h3 b6 13.Bf4 Nd7 14.Rac1 Nde5 15.Bb1 Nxf3+
16.Qxf3 Ne5 17.Qg3 Bb7 18.b3 Rfd8 19.Be3 Rab8 20.Bg5 Re8 21.Qe3 Ba8 22.Qd2 Bf8
23.f4 Nc6 24.Bf6 b5 25.cxb5 axb5 26.Bd3 b4 27.Na4 Qa5 28.Bc4 Ne7 29.Ba1 Qa7+
30.Kh1 Bxe4 31.Qb2 e5 32.fxe5 Bg7 33.Bxf7+ Kh8 34.Bxe8 Rxe8 35.Qe2 Nf5 36.Kh2 Bxe5+
37.Bxe5+ Rxe5 38.Rc8+ Kg7 39.Rdc1 Re7 40.Qb2+ Kh6 41.Qd2+ Kg7 42.Re1 Qa6
43.Qb2+ Kh6 44.Rg8 d5 45.Qd2+ Kh5 46.g4+ Kh4 47.Qf2+  1-0

[Event "16th Heart of Finland Open"]
[Site "Jyvaskyla FIN"]
[Date "2006.07.12"]
[Round "2"]
[White "Luukkonen,T"]
[Black "Novik,M"]
[Result "1-0"]
[WhiteElo "2184"]
[BlackElo "2490"]

1.e4 c5 2.Nf3 e6 3.d4 cxd4 4.Nxd4 a6 5.Bd3 Nf6 6.O-O Qc7 7.Qe2 d6 8.c4 g6
9.Nc3 Bg7 10.Rd1 O-O 11.Nf3 Nbd7 12.h3 b6 13.Bf4 Bb7 14.Rac1 Rac8 15.b4 Nh5
16.Be3 Nhf6 17.Nd4 Ne5 18.b5 Nxd3 19.Qxd3 Qxc4 20.Qb1 Qc7 21.Nd5 Qd7 22.Nxb6 Rxc1
23.Qxc1 Qe7 24.Nc6 Qc7 25.e5 Ne4 26.exd6 Nxd6 27.Qc5 Nxb5 28.Ne7+ Kh8 29.Qxc7 Nxc7
30.Rd7 Nd5 31.Rxb7 Nxe3 32.fxe3 Rd8 33.Nd7 Ba1 34.Nc6 Rc8 35.Rb8 Rxb8 36.Ndxb8  1-0

[Event "Open A"]
[Site "Banska Stiavnica SVK"]
[Date "2006.07.13"]
[Round "6"]
[White "Priborsky,J"]
[Black "Manik,M"]
[Result "1-0"]
[WhiteElo "2337"]
[BlackElo "2460"]

1.e4 c5 2.Nf3 e6 3.d4 cxd4 4.Nxd4 a6 5.Bd3 Nf6 6.O-O Qc7 7.Qe2 d6 8.c4 g6
9.Nc3 Bg7 10.Nf3 O-O 11.Bf4 e5 12.Be3 Nc6 13.h3 Nd7 14.Nd5 Qd8 15.Rad1 Nc5
16.Bc2 Ne6 17.Bb6 Qd7 18.c5 Ncd4 19.Nxd4 exd4 20.f4 Nxc5 21.e5 d3 22.Bxd3 Na4
23.Bc2 Nxb2 24.Rd2 Qb5 25.Bb3 Na4 26.Bxa4 Qxa4 27.Nc7 Bd7 28.Nxa8 Bb5 29.Qd1 Qc4
30.Nc7 Qxf1+ 31.Qxf1 Bxf1 32.Kxf1 dxe5 33.fxe5 Bxe5 34.Nd5 Kg7 35.Bd4 Bxd4
36.Rxd4 Rc8 37.Rd2 b5 38.Ke2 a5 39.Kd3 Rc1 40.Rc2 Rd1+ 41.Ke4 Re1+ 42.Kd4 h5
43.Kc5 b4 44.Kb5 Rb1 45.Ka4 g5 46.Ne3 b3 47.axb3 Ra1+ 48.Kb5 Ra3 49.Rb2 a4
50.Kb4 Rxb3+ 51.Rxb3 axb3 52.Kxb3 Kf6 53.Kc3 Ke5 54.Kd3 Kf4 55.Ke2 Kg3 56.Kf1 g4
57.hxg4 hxg4 58.Nf5+ Kf4 59.Nd6 f5 60.Kf2 Ke5 61.Nc4+ Ke4 62.Nd2+ Kd4 63.Kg3 Ke3  1-0

[Event "16th Heart of Finland Open"]
[Site "Jyvaskyla FIN"]
[Date "2006.07.13"]
[Round "5"]
[White "Agopov,M"]
[Black "Solozhenkin,E"]
[Result "1-0"]
[WhiteElo "2377"]
[BlackElo "2508"]

1.e4 c5 2.Nf3 e6 3.d4 cxd4 4.Nxd4 a6 5.Bd3 Bc5 6.Nb3 Ba7 7.Nc3 Nc6 8.O-O d6
9.Kh1 Nf6 10.Bf4 Ne5 11.Be2 Qc7 12.Qd2 O-O 13.Rad1 Bb8 14.Bg5 Ned7 15.f4 b5
16.Bf3 Bb7 17.a3 Nb6 18.Na5 Nc4 19.Nxc4 Qxc4 20.Qe1 b4 21.axb4 Qxb4 22.Bxf6 gxf6
23.Qg3+ Kh8 24.Qh4 Kg7 25.Rd3 Rc8 26.Bh5 Ra7 27.Rg3+ Kf8 28.Qxf6 Bxe4 29.Qh8+  1-0

[Event "21st North Sea Cup"]
[Site "Esbjerg DEN"]
[Date "2006.07.14"]
[Round "8"]
[White "Jorgensen,SoB"]
[Black "Kveinys,A"]
[Result "0-1"]
[WhiteElo "2136"]
[BlackElo "2546"]

1.e4 c5 2.Nf3 e6 3.d4 cxd4 4.Nxd4 a6 5.Bd3 Nf6 6.O-O Qc7 7.Nc3 d6 8.Kh1 g6
9.f4 Bg7 10.Nf3 Nbd7 11.Qe1 b5 12.a3 Bb7 13.Bd2 Nc5 14.b4 Nxd3 15.cxd3 O-O
16.Rc1 Qd8 17.Qh4 Nh5 18.Qxd8 Rfxd8 19.g4 Nf6 20.h3 Rac8 21.Kg2 Nd7 22.g5 Nb6
23.Kg3 Na4 24.Nxa4 bxa4 25.Rb1 Bc6 26.Rfc1 Bb5 27.Ne1 h6 28.h4 f5 29.Kf3 Bd4
30.exf5 gxf5 31.Ke2 Kf7 32.Nf3 Bg7 33.h5 e5 34.g6+ Ke6 35.Rxc8 Rxc8 36.Rc1 Rxc1
37.Bxc1 e4 38.Ne1 Bc3 39.Bd2 Bb2 40.Ke3 d5 41.Nc2 Bxd3 42.Nd4+ Kf6 43.Nc6 Bc2  0-1

[Event "XI Open"]
[Site "Balaguer ESP"]
[Date "2006.07.18"]
[Round "2"]
[White "Escobar Forero,A"]
[Black "Ortiz,K"]
[Result "1-0"]
[WhiteElo "2431"]
[BlackElo "2139"]

1.e4 c5 2.Nf3 e6 3.d4 cxd4 4.Nxd4 a6 5.Bd3 Bc5 6.Nb3 Ba7 7.Qg4 Nf6 8.Qg3 d6
9.Bg5 Nc6 10.Nc3 Ne5 11.Be2 b5 12.f4 Ng6 13.e5 dxe5 14.fxe5 h6 15.exf6 hxg5
16.fxg7 Rg8 17.Rd1 Qb6 18.Ne4 Rxg7 19.Qxg5 f5 20.Rd6 Qc7 21.Bh5 Bb7 22.Bxg6+ Kf8
23.Qf6+ Kg8 24.Qxe6+ Kh8 25.Rd3  1-0

[Event "XI Open"]
[Site "Balaguer ESP"]
[Date "2006.07.20"]
[Round "4"]
[White "Rodriguez Melgar,J"]
[Black "Mirzoev,A"]
[Result "0-1"]
[WhiteElo "2203"]
[BlackElo "2523"]

1.e4 c5 2.Nf3 e6 3.d4 cxd4 4.Nxd4 a6 5.Bd3 g6 6.c4 Bg7 7.Be3 Ne7 8.Nc3 O-O
9.O-O d6 10.Qd2 Nbc6 11.Nxc6 bxc6 12.Bh6 c5 13.Bxg7 Kxg7 14.f4 Nc6 15.Rae1 f6
16.Bc2 Rb8 17.Ba4 Nd4 18.Rf2 e5 19.Ne2 Be6 20.Nxd4 cxd4 21.b3 Qc7 22.Qe2 Rbd8
23.h3 Rf7 24.g4 exf4 25.Qd2 g5 26.Qxd4 h5 27.h4 hxg4 28.hxg5 f3 29.Rd1 d5
30.gxf6+ Rxf6 31.e5 Rh6 32.Rdd2 Rdh8 33.Rh2 g3 34.Rxh6 Rxh6 35.Qf4 f2+  0-1

[Event "Sunny Pawn A"]
[Site "Illichevsk UKR"]
[Date "2006.07.21"]
[Round "2"]
[White "Zherebukh,Y"]
[Black "Vovk,A"]
[Result "1/2-1/2"]
[WhiteElo "2371"]
[BlackElo "2388"]

1.e4 c5 2.Nf3 e6 3.d4 cxd4 4.Nxd4 a6 5.Bd3 Bc5 6.Nb3 Ba7 7.Qe2 Nc6 8.Be3 d6
9.c4 Nge7 10.Nc3 e5 11.O-O Be6 12.Rad1 Qb8 13.Nd5 Bxe3 14.Qxe3 O-O 15.Nb6 Ra7
16.Rd2 Nc8 17.Nd5 b5 18.Rc1 N8e7 19.a3 bxc4 20.Bxc4 Rb7 21.Qc3 Rc8 22.Rdc2 Na7
23.Na5 Bxd5 24.exd5 Rbc7 25.Qd3 Qb6 26.b4 Nb5 27.Bxb5 Rxc2 28.Rxc2 Rxc2 29.Qxc2 axb5
30.Nc6 Nxd5 31.Nxe5 Qc7 32.Qxc7 Nxc7 33.Nc6 Ne6 34.Na7 Nc7 35.Nc6 Ne6 36.Na7 Nc7
37.Nc6 Ne6 38.Na7  1/2-1/2

[Event "Czech Open A"]
[Site "Pardubice CZE"]
[Date "2006.07.22"]
[Round "2"]
[White "Matsenko,S"]
[Black "Kovacevic,B"]
[Result "0-1"]
[WhiteElo "2367"]
[BlackElo "2490"]

1.e4 c5 2.Nf3 e6 3.d4 cxd4 4.Nxd4 a6 5.Bd3 Nf6 6.Qe2 d6 7.c4 g6 8.O-O Bg7
9.Nf3 O-O 10.Nc3 Nc6 11.h3 Nd7 12.Rd1 Nde5 13.Nxe5 dxe5 14.Be3 Bd7 15.b4 Nxb4
16.Bc5 Nc6 17.Bxf8 Bxf8 18.Bc2 Nd4 19.Qd3 Qa5 20.Ne2 Nxc2 21.Qxd7 Nxa1 22.Qxb7 Rd8
23.Rxa1 Rd2 24.Ng3 Qc5 25.Nh1 Qxc4 26.a4 Qd4 27.Qb1 a5 28.Kh2 Rb2 29.Qc1 Rb4
30.Ng3 Qxf2 31.Qc7 Rb2 32.Rg1 Bc5 33.Qd8+ Kg7 34.Nh5+ Kh6  0-1

[Event "Czech Open A"]
[Site "Pardubice CZE"]
[Date "2006.07.24"]
[Round "4"]
[White "Lintchevski,D"]
[Black "Beck,F"]
[Result "1-0"]
[WhiteElo "2429"]
[BlackElo "2284"]

1.e4 c5 2.Nf3 e6 3.d4 cxd4 4.Nxd4 a6 5.Bd3 Nc6 6.Nxc6 dxc6 7.O-O e5 8.Nd2 Nf6
9.Nc4 Qc7 10.Be3 Be6 11.Bb6 Qb8 12.Qe1 Nd7 13.Qa5 Bxc4 14.Bxc4 Nxb6 15.Qxb6 Bd6
16.Rad1 O-O 17.Rd3 Rd8 18.Rf3 Rd7 19.Rd1 Qf8 20.Rxf7 Rxf7 21.Qxb7 Rd8 22.Qxc6 Bc7
23.Bxf7+ Qxf7 24.Rxd8+ Bxd8 25.Qxa6 g6 26.Qd6 Qe8 27.b4 Kg7 28.c4 Bf6 29.g3 Qa8
30.Qd7+ Kh6 31.Qf7 Qxa2 32.Qxf6 Qb1+ 33.Kg2 Qxe4+ 34.Qf3 Qxc4 35.Qe3+ g5
36.h4  1-0

[Event "Dutch Open"]
[Site "Dieren NED"]
[Date "2006.07.25"]
[Round "1"]
[White "Van den Dikkenberg,E"]
[Black "Van Delft,M"]
[Result "0-1"]
[WhiteElo "2144"]
[BlackElo "2382"]

1.e4 c5 2.Nf3 e6 3.d4 cxd4 4.Nxd4 a6 5.Bd3 Bc5 6.Nb3 Be7 7.O-O d6 8.f4 Nd7
9.Nc3 b5 10.Be3 Bb7 11.a3 Ngf6 12.Kh1 Rc8 13.Qe2 O-O 14.Rad1 Qc7 15.Bg1 Rfe8
16.Nd4 g6 17.f5 gxf5 18.exf5 e5 19.Ne6 fxe6 20.fxe6 Nf8 21.Bf5 Ng6 22.Bxg6 hxg6
23.Rd3 Kg7 24.Rg3 Qc4 25.Rxf6 Kxf6 26.Qf2+ Kxe6 27.Rxg6+ Kd7 28.Qf5+ Kc7
29.Rg7 Rcd8 30.Qf2 Rd7 31.Qb6+ Kc8 32.Rg3 Rg8 33.Rxg8+ Qxg8 34.Qf2  0-1

[Event "Dutch Open"]
[Site "Dieren NED"]
[Date "2006.07.25"]
[Round "1"]
[White "De Groote,E"]
[Black "Li Shilong"]
[Result "0-1"]
[WhiteElo "2180"]
[BlackElo "2540"]

1.e4 c5 2.Nf3 e6 3.d4 cxd4 4.Nxd4 a6 5.Bd3 Bc5 6.Nb3 Ba7 7.O-O Nc6 8.Qg4 Nf6
9.Qg3 d6 10.Be3 O-O 11.f4 b5 12.N1d2 Bb7 13.Rae1 Bxe3+ 14.Qxe3 Nb4 15.h3 Rc8
16.Nd4 Qb6 17.a3 Nxd3 18.cxd3 Rfd8 19.N2b3 Rc7 20.Rc1 Rxc1 21.Nxc1 e5 22.Nf5 Qxe3+
23.Nxe3 Nd7 24.g3 g6 25.Nb3 Nc5 26.Nxc5 dxc5 27.Rd1 exf4 28.gxf4 Rd4 29.Nc2 Rd7
30.e5 Be4 31.Ne1 Bf5 32.h4 Rd4 33.Rc1 c4 34.dxc4 bxc4 35.Ng2 Bh3 36.Rf1 Rd3
37.Kh2 Kg7 38.Rc1 Be6 39.Rc2 Kh6 40.Kg1 Bd5 41.Re2 c3 42.bxc3 Rxc3 43.Re3 Rc1+
44.Kh2 Kh5 45.Rg3 Rf1 46.Rg5+ Kh6 47.f5 Bxg2 48.Kxg2 Rxf5 49.Kh3  0-1

[Event "Czech Open A"]
[Site "Pardubice CZE"]
[Date "2006.07.25"]
[Round "5"]
[White "Czarnota,P"]
[Black "Oleksienko,M"]
[Result "1/2-1/2"]
[WhiteElo "2547"]
[BlackElo "2497"]

1.e4 c5 2.Nf3 e6 3.d4 cxd4 4.Nxd4 a6 5.Bd3 Ne7 6.O-O Nbc6 7.Nxc6 Nxc6 8.Nc3 Be7
9.Bf4 d6 10.Qd2 O-O 11.Rad1 b5 12.a3 Bb7 13.Bg3 Rc8 14.f4 Na5 15.b3 Bf6 16.Nb1 Nc6
17.Kh1 Qc7 18.Qe3 e5 19.Nd2 Nd4 20.c4 Qa5 21.Nf3 bxc4 22.Bxc4 Nc2 23.Qe2 Nxa3
24.Ra1 exf4  1/2-1/2

[Event "Czech Open A"]
[Site "Pardubice CZE"]
[Date "2006.07.26"]
[Round "6"]
[White "Matsenko,S"]
[Black "Geller,J"]
[Result "0-1"]
[WhiteElo "2367"]
[BlackElo "2480"]

1.e4 c5 2.Nf3 e6 3.d4 cxd4 4.Nxd4 a6 5.Bd3 Bc5 6.Nb3 Ba7 7.Qe2 d6 8.Be3 Bxe3
9.Qxe3 Nf6 10.Nc3 Nc6 11.f4 b5 12.O-O-O Qc7 13.g4 b4 14.Ne2 Nd7 15.Nbd4 Qb6
16.Qg1 Bb7 17.Nxc6 Qxg1 18.Rhxg1 Bxc6 19.Nd4 Bb7 20.Nb3 Ke7 21.Na5 Nc5 22.Rge1 Rhc8
23.b3 Rc7 24.Kb2 Rac8 25.Re2 Ba8 26.Nc4 Rd8 27.Nb6 Rb8 28.Nxa8 Rxa8 29.e5 dxe5
30.Rxe5 Rd8 31.Be2 f6 32.Re3 Rxd1 33.Bxd1 Rd7 34.Be2 Rd4 35.f5 e5 36.a3 a5
37.axb4 axb4 38.h3 Re4 39.Rxe4 Nxe4 40.Kc1 Kd6 41.Bd3 Kd5 42.c4+ bxc3 43.b4 Kd4
44.Kc2 Nd6 45.Bf1 Nc4 46.b5 Ne3+ 47.Kb3 c2 48.Kb2 Nxf1 49.b6 Kd3 50.b7 Kd2
51.b8=Q c1=Q+ 52.Ka2 Qc4+  0-1

[Event "1st It"]
[Site "Almeria ESP"]
[Date "2006.07.27"]
[Round "5"]
[White "Asturiano Molino,J"]
[Black "Suba,M"]
[Result "0-1"]
[WhiteElo "2103"]
[BlackElo "2527"]

1.e4 c5 2.Nf3 e6 3.d4 cxd4 4.Nxd4 a6 5.Bd3 Nc6 6.Be3 Nf6 7.Nc3 Qc7 8.a4 Bb4
9.O-O Bxc3 10.bxc3 Ne5 11.f4 Nxd3 12.Qxd3 d6 13.Kh1 e5 14.fxe5 dxe5 15.Nf5 Bxf5
16.Rxf5 Rd8 17.Qe2 Qxc3 18.Raf1 Rd6 19.Bg5 O-O 20.Rxf6 gxf6 21.Bh6 f5 22.Bxf8 Kxf8
23.exf5 f6 24.Qh5 Qc4 25.Qf3 Qxc2 26.h3 Qd3 27.Qf2 Rd4 28.Rc1 Rc4 29.Re1 Qd4
30.Qf3 Qc3 31.Qd1 Rd4 32.Qb1 Rxa4 33.Rc1 Rb4  0-1

[Event "Czech Open A"]
[Site "Pardubice CZE"]
[Date "2006.07.27"]
[Round "7"]
[White "Kasparov,S"]
[Black "Kraemer,Mart"]
[Result "1-0"]
[WhiteElo "2491"]
[BlackElo "2434"]

1.e4 c5 2.Nf3 e6 3.d4 cxd4 4.Nxd4 a6 5.Bd3 Qc7 6.Qe2 d6 7.O-O Nf6 8.c4 g6
9.b3 Bg7 10.Bb2 O-O 11.Nf3 Nc6 12.Nc3 Ng4 13.h3 Nge5 14.Rad1 b6 15.Bb1 Bb7
16.Nh2 Rfe8 17.Qd2 Bf8 18.f4 Nd7 19.e5 b5 20.cxb5 axb5 21.exd6 Qb6+ 22.Kh1 Nb4
23.a3 Nd5 24.Nxd5 Bxd5 25.f5 Rac8 26.fxg6 hxg6 27.Rxf7 Kxf7 28.Rf1+ Kg8 29.Qg5  1-0

[Event "Sunny Pawn Open"]
[Site "Illichevsk UKR"]
[Date "2006.07.28"]
[Round "8"]
[White "Podolsky,A"]
[Black "Nazarevich,V"]
[Result "1/2-1/2"]
[WhiteElo "1992"]
[BlackElo "2303"]

1.e4 c5 2.Nf3 e6 3.d4 cxd4 4.Nxd4 a6 5.Bd3 Nf6 6.c4 Nc6 7.Nxc6 bxc6 8.O-O d6
9.Nc3 Be7 10.Bf4 O-O 11.e5 dxe5 12.Bxe5 Ra7 13.Qf3 Rd7 14.Rad1 c5 15.Bb1 Bb7
16.Qe2 Qc8 17.Ne4 Qc6 18.Bxf6 gxf6 19.Rxd7 Qxd7 20.Nxc5 Bxc5 21.Qg4+ Kh8
22.Qh4  1/2-1/2

[Event "Czech Open A"]
[Site "Pardubice CZE"]
[Date "2006.07.28"]
[Round "8"]
[White "Zolotukhin,V"]
[Black "Zpevak,P"]
[Result "0-1"]
[WhiteElo "2290"]
[BlackElo "2377"]

1.e4 c5 2.Nf3 e6 3.d4 cxd4 4.Nxd4 a6 5.Bd3 Nf6 6.Qe2 d6 7.O-O g6 8.f4 Bg7
9.Nf3 Nbd7 10.Nc3 O-O 11.Kh1 Qc7 12.Bd2 b6 13.Rae1 Bb7 14.h3 b5 15.a3 Rac8
16.Kh2 e5 17.fxe5 dxe5 18.g4 Nc5 19.Qf2 Nfd7 20.Qh4 Qd8 21.Bg5 f6 22.Bh6 g5
23.Qh5 Ne6 24.Bxg7 Kxg7 25.Ne2 Ndc5 26.Ng3 Nf4 27.Nf5+ Kh8 28.Qh6 Rg8 29.Nxe5 fxe5
30.Nd6 Rc7 31.Rxf4 gxf4 32.Bxb5 axb5 33.Rd1 Qg5  0-1

[Event "Czech Open A"]
[Site "Pardubice CZE"]
[Date "2006.07.28"]
[Round "8"]
[White "Priborsky,I"]
[Black "Lechtynsky,J"]
[Result "0-1"]
[WhiteElo "2331"]
[BlackElo "2433"]

1.e4 c5 2.Nf3 e6 3.d4 cxd4 4.Nxd4 a6 5.Bd3 Ne7 6.O-O Nec6 7.Be3 Be7 8.Nc3 d6
9.f4 O-O 10.Nf3 Nd7 11.a3 Qc7 12.Qe1 b5 13.Qg3 b4 14.axb4 Nxb4 15.Bd4 g6
16.f5 Nf6 17.fxg6 fxg6 18.Ng5 e5 19.Be3 Bd7 20.Qh4 h5 21.Nf3 Kg7 22.Qg5 Ng8
23.Qg3 Nxd3 24.cxd3 Be6 25.Ng5 Bxg5 26.Qxg5 Rxf1+ 27.Rxf1 Rb8 28.Bc1 Qa7+
29.Kh1 Qe7 30.Qg3 Rf8 31.Rxf8 Qxf8 32.Kg1 Nf6 33.Qe3 Ng4 34.Qa7+ Qf7 35.Qxf7+ Kxf7
36.h3 Nf6 37.Kf2 Bb3 38.Bg5 Nd7 39.Be3 Nb8 40.Bb6 Nc6 41.Ke3 Ke6 42.Ne2 d5
43.exd5+ Bxd5 44.g3 Ne7 45.d4 Bc4 46.Ba7 Bxe2 47.Kxe2 Nc6 48.Bb6 exd4 49.Kf3 Kf5
50.g4+ hxg4+ 51.hxg4+ Ke5 52.Bc7+ Kd5 53.Kf4 d3 54.Ke3 Kc4 55.Bg3 Nd4 56.Be5 d2  0-1

[Event "Czech Open A"]
[Site "Pardubice CZE"]
[Date "2006.07.28"]
[Round "8"]
[White "Matsenko,S"]
[Black "Smirnov,I UKR"]
[Result "1/2-1/2"]
[WhiteElo "2367"]
[BlackElo "2450"]

1.e4 c5 2.Nf3 e6 3.d4 cxd4 4.Nxd4 a6 5.Bd3 Bc5 6.Nb3 Ba7 7.Qe2 d6 8.Be3 Nc6
9.Bxa7 Rxa7 10.Nc3 b5 11.a4 b4 12.Nd1 Nf6 13.O-O O-O 14.Ne3 d5 15.exd5 exd5
16.Rad1 Re8 17.Qf3 Rae7 18.Bf5 Bxf5 19.Nxf5 Re5 20.Nbd4 Nxd4 21.Nxd4 Qb6
22.Qd3 Re4 23.Nf5 g6 24.Ng3 R4e5 25.Qd4 Qxd4 26.Rxd4 a5 27.f3 h5 28.Rfd1 Re1+
29.Kf2 Rxd1 30.Rxd1 Rc8 31.Rd2 Nd7 32.Ne2 Nb6  1/2-1/2

[Event "Czech Open A"]
[Site "Pardubice CZE"]
[Date "2006.07.28"]
[Round "8"]
[White "Maurer,J"]
[Black "Jedryczka,K"]
[Result "0-1"]
[WhiteElo "2205"]
[BlackElo "2315"]

1.e4 c5 2.Nf3 e6 3.d4 cxd4 4.Nxd4 a6 5.Bd3 Qb6 6.Nb3 Qc7 7.O-O Nf6 8.f4 d6
9.Qf3 Nbd7 10.Bd2 b6 11.Nc3 Bb7 12.Rae1 Be7 13.Qh3 O-O-O 14.Be3 h6 15.a4 g5
16.a5 b5 17.f5 g4 18.Qg3 e5 19.Qf2 Nc5 20.Nd2 Kb8 21.Rc1 Qxa5 22.Nd5 Nxd5
23.exd5 Bg5 24.Ne4 Nxe4 25.Ba7+ Ka8 26.Bxe4 Bxc1 27.Rxc1 Qb4 28.Qe3 Rc8 29.c3 Qxb2
30.Bb6 Qa3 31.Qe1 Rc4 32.Bd3 Rc5 33.Bf1 Rhc8 34.Qe3 Rxd5 35.Qxh6 Qb2 36.Bf2 Rd2
37.Rb1 Qc2 38.Rc1 Qxc1 39.Be3 Rxg2+  0-1

[Event "Dutch Open"]
[Site "Dieren NED"]
[Date "2006.07.29"]
[Round "5"]
[White "De Groote,E"]
[Black "Van Delft,M"]
[Result "1/2-1/2"]
[WhiteElo "2180"]
[BlackElo "2382"]

1.e4 c5 2.Nf3 e6 3.d4 cxd4 4.Nxd4 a6 5.Bd3 Bc5 6.Nb3 Be7 7.O-O d6 8.c4 Nd7
9.f4 Ngf6 10.Be3 b6 11.Nc3 Bb7 12.Qf3 h5 13.g3 h4 14.Bd4 hxg3 15.hxg3 e5
16.Be3 exf4 17.gxf4 g5 18.Nd5 gxf4 19.Bxf4 Rg8+ 20.Kh1 Bxd5 21.exd5 Rh8+
22.Kg1 Rg8+  1/2-1/2